French Pastries by Images - Statistics

General Stats
  • This quiz has been taken 70 times
  • The average score is 7 of 16
Answer Stats
Picture Answer % Correct
Croissant
92%
Eclair
92%
Macarons
73%
Pain au Chocolat
73%
Madeleine
65%
Mille feuille
53%
Profiterole
50%
Beignet
42%
Canele
39%
Palmier
37%
Croquembouche
27%
Chouquette
26%
Pain aux raisins
23%
Religieuse
21%
Coussin de Lyon
2%
Jesuite
0%
No matching quizzes found
Score Distribution
Percent of People with Each Score
Percentile by Number Answered
Your Score History
You have not taken this quiz